MDQL
is popping MORE tags! Check the
thread
!
Quizzes
Events
Quiz Creation
Community
Videos
Private Events
Remove Ads
Sign In
Join for FREE
Feedback
Dark Mode
Quiz Categories
Sports
Geography
Music
Movies
Television
Just For Fun
Miscellaneous
History
Literature
Language
Science
Gaming
Entertainment
Religion
Holiday
For Kids
Quiz Lab
Recent
Popular Today
Quiz Kudos Today
Editor Picks
Curator Picks
Quizzes by...
Day
Popularity
Type
Ratings
Length
Year
Community
Subscriptions
Recent Discussions
Orange Saloon
Badges
Playlists
Quests
Create
Leaderboards
Showdown
Live 5
Trivia Bingo
Activity
Puzzle Library
Sporcle Events
Private Events
Virtual Trivia
Globe League
Become a Host
Pub Owners
SporcleCon
Opinionation
Our Games
Videos
Blog
Mobile Apps
Partnerships
Remove Ads and Go Orange
Feedback
Movies
Disney
Marvel Cinematic Universe
Movie Resume
Movie Titles
Oscar
Actor
Actress
Director
Pixar
Role
Movie Quotes
Movie Characters
Box Office
Nominee
Best Picture
Star Wars
James Bond
Horror Movies
Movies
Disney
Marvel Cinematic Universe
Movie Resume
Movie Titles
Oscar
Actor
Actress
Director
Pixar
Role
Movie Quotes
Movie Characters
Box Office
Nominee
Best Picture
Star Wars
James Bond
Horror Movies
Random Quiz
Search Sporcle
×
Quiz Lab
Quiz Lab
Movies
Actor
Type in answers that appear in a list
Type in answers that appear in a list
Classic
Best Score? Go Orange.
Films and their Stars Stats
Can you name the films from the selected cast members and the date of release.?
By
peterstapleton1
6m
24 Questions
57 Plays
57 Plays
57 Plays
Comments
Comments
Give Quiz Kudos
Give Quiz Kudos
-
- Ratings
hide this ad
Replay
Link that replays current quiz
Next Quiz
Link to next quiz in quiz playlist
You Got
0%
They Got
Avg Score
55%
Avg Friend Score
Upgrade to see
Score Distribution
Jump to the score distribution portion of the page
Score
0/24
Timer
06:00
0
Plays Today
Actor/Actress
Film
% Correct
Leonardo DiCaprio, Kate Winslet.
Titanic
100%
Harrison Ford, Carrie Fisher, Alec Guinness, Peter Cushing
Star Wars
91.2%
Janet Leigh, Anthony Perkins.
Psycho
86%
Marilyn Monroe, Jack Lemmon, Tony Curtis.
Some Like It Hot
78.9%
Helen Hunt, Jack Nicholson.
As Good As It Gets
78.9%
France McDormand, William H. Macy, Steve Buscemi.
Fargo
78.9%
Katharine Ross, Robert Redford, Paul Newman.
Butch Cassidy and the Sundance Kid
77.2%
Sean Connery, Ursla Andress, Joseph Wiseman.
Dr. No
75.4%
Charlton Heston, Roddy McDowall.
Planet of the Apes
75.4%
Debra Winger, Richard Gere.
An Officer and a Gentleman
71.9%
Audrey Hepburn, George Peppard.
Breakfast at Tiffany's
64.9%
Thandie Newton, Matt Dillon, Sandra Bullock.
Crash
63.2%
Actor/Actress
Film
% Correct
Spencer Tracy, Sidney Poitier, Katharine Hepburn
Guess Who's Coming to Dinner
59.6%
Geoffrey Rush, John Gielgud.
Shine
57.9%
George C. Scott, Peter Sellers
Dr Strangelove
50.9%
Danny DeVito, Annette Bening, Michael J. Fox Pierce Brosnan, Glenn CLose, Jack Nicholson.
Mars Attacks!
47.4%
Amy MAdigan, Ray Liotta, Burt Lancaster, Kevin Costner
Field of Dreams
43.9%
Elizabeth Taylor, Richard Burton, George Segal
Who's Afraid of Virginia Woolf?
35.1%
Steve Guuttenberg, Mickey Rourke, Kevin Bacon.
Diner
33.3%
Dustin Hoffman, Steve McQueen.
Papillon
26.3%
Stanley Baker, Jack Hawkins, Michael Cane.
Zulu
15.8%
David Bowie, Barbara Hershey, Harvey Keitel, Willem Dafoe
The Last Temptation of Christ
10.5%
Alastair Sim, Joyce Greenfell, Beryl Reid, George Cole.
The Belles of St Trinian's
5.3%
Sigourney Weaver, Gerard Depardieu
1492: Conquest of Paradise
1.8%
Quiz Playlist
Details
Report
Send in Message
Add To Playlist
Classic:
Type in answers that appear in a list
Last Updated: Feb 16, 2017
Quiz Scoreboard
CHALLENGE
Sign Up to Join the Scoreboard
Show All
Scores
Hide
Comments
May contain spoilers
Recently Published
Holiday 10x10 Sorting Gallery
by lukepisani3
Holiday
15m
Two Season TV Shows II
by 123Four
Television
10m
Image Sorting: Flags VI
by Barbecue
Geography
2m
More to Explore
Quiz From the Vault
Featured Blog Post
14 Easter Pick-up Lines to Find Eggs With
hide this ad
You Might Also Like...
Tags
Actor Quiz
Actress Quiz
Cast Quiz
date
release
Selected
star
Today's Top Quizzes in Movies
Browse Movies
hide this ad
Today's Top Quizzes in Actor
Browse Actor
Top Contributed Quizzes in Movies
1
The ultimate James Bond movie quiz
2
Find The 'Big' Movie
3
Find The 'Wild' Movie
4
Find The 'Blue' Movie
5
Movies By Plot
6
Hidden Star Wars Character II
7
Hidden Star Wars Character III
8
😉 2024 Oscar Nominees by Emoji
9
Hidden Star Wars Character IV
10
25 Best Actor Nominees (1990s)
Explore More
Trending Topics
Crossword
Disney
Marvel
Kpop
Harry Potter
NBA
Anime
Song
WWE
Country
Puzzle
The Office
Soccer
NFL
Pokémon
hide this ad
More By:
peterstapleton1
Quiz
Plays
Rating
Category
Featured
Created
Hogwarts Heads of House
43,039
4.06
Literature
Oct 17, 2009
First Lines of Popular Novels
344
4.40
Literature
Dec 26, 2011
First Lines of Pop Songs
122
2.00
Music
Jan 2, 2012
Celebrity Baby Names
120
2.50
Entertainment
Jan 2, 2012
Harry Potter Chain
109
3.00
Miscellaneous
Jan 2, 2012
Go to Creator's Profile
Score Distribution
Quiz Creator Spotlight
peterstapleton1
Follow
Send a Message
Quizzes Created
-
Created Quiz Play Count
-
More By This Creator
Popular Quizzes Today
1
Find the US States - No Outlines Minefield
2
Colored Red Africa Blitz
3
Find the 'City' Movie
4
The Countries of the World
5
Find the US States
6
5x2 Blitz: Bands
7
Find the Countries of Europe - No Outlines Minefield
8
US States
More Movies Quizzes
Actors 10-to-1 Movies - Part 67 - 'I' Actors
Quiz Lab
Trending Quizzes
Colored Red Europe Blitz I
Colored Red Europe Blitz II
Colored Red Africa Blitz II
Colored Red Europe Blitz III
Colored Red Africa Blitz III
Recently Updated
Odd Team Out - Big 4 Players
pecheneg
Quick Pick: 20 Twenties
pecheneg
March Madness Men's Triple Doubles
pecheneg
How Do You Spell That?
pecheneg
Godzilla Movies
pecheneg
Grab Bag: 4-10 Letters
pecheneg
2024 March Madness Bracket
pecheneg
Famous TV Couples
Peacemaker
Champions League XIs: Real Madrid
pecheneg
Largest US Cities 1790-2010
pecheneg
Trending Topics
Marvel
Harry Potter
Disney
Crossword
Anime
NBA
Kpop
Country
The Office
NFL
WWE
Puzzle
Soccer
Song
Pokémon
Your Account Isn't Verified!
In order to create a playlist on Sporcle, you need to verify the email address you used during registration. Go to your
Sporcle Settings
to finish the process.
Report this User
Report this user for behavior that violates our
Community Guidelines
.
Details:
Send Report
Go to the Sporcle.com Mobile Site →
Comments